Akta Dadah Berbahaya 1952 (Akta 234) & Akta Penagih Dadah (Rawatan dan Pemulihan) 1983 (Akta 283) dan Peraturan-peraturan dan Kaedah-kaedah : (Record no. 1217)

000 -LEADER
fixed length control field nam a22 a 4500
003 - CONTROL NUMBER IDENTIFIER
control field AKMAL
005 - DATE AND TIME OF LATEST TRANSACTION
control field 20170508155723.0
008 - FIXED-LENGTH DATA ELEMENTS--GENERAL INFORMATION
fixed length control field 170508s2004 my | e l 000 0 may d
020 ## - INTERNATIONAL STANDARD BOOK NUMBER
International Standard Book Number 9678914476 (kkt.)
040 ## - CATALOGING SOURCE
Transcribing agency AKMAL
082 04 - DEWEY DECIMAL CLASSIFICATION NUMBER
Classification number 345.5950277 DAD
Edition number 22
090 00 - LOCALLY ASSIGNED LC-TYPE CALL NUMBER (OCLC); LOCAL CALL NUMBER (RLIN)
Classification number (OCLC) (R) ; Classification number, CALL (RLIN) (NR) 345.5950277
Local cutter number (OCLC) ; Book number/undivided call number, CALL (RLIN) DAD
110 1# - MAIN ENTRY--CORPORATE NAME
Corporate name or jurisdiction name as entry element Malaysia
9 (RLIN) 400
245 10 - TITLE STATEMENT
Title Akta Dadah Berbahaya 1952 (Akta 234) & Akta Penagih Dadah (Rawatan dan Pemulihan) 1983 (Akta 283) dan Peraturan-peraturan dan Kaedah-kaedah :
Remainder of title (hingga 10hb Mac 2004) /
Statement of responsibility, etc. disusun oleh Lembaga Penyelidikan Undang-Undang
246 33 - VARYING FORM OF TITLE
Title proper/short title Akta Penagih Dadah (Rawatan dan Pemulihan) 1983 (Akta 283)
260 ## - PUBLICATION, DISTRIBUTION, ETC.
Place of publication, distribution, etc. Petaling Jaya :
Name of publisher, distributor, etc. International Law Book Services,
Date of publication, distribution, etc. 2004
300 ## - PHYSICAL DESCRIPTION
Extent 200ms. ;
Dimensions 24cm.
440 #0 - SERIES STATEMENT/ADDED ENTRY--TITLE
Title UNDANG-UNDANG MALAYSIA
9 (RLIN) 2441
650 10 - SUBJECT ADDED ENTRY--TOPICAL TERM
Topical term or geographic name entry element Drugs
General subdivision Law and legislation
Geographic subdivision Malaysia
9 (RLIN) 2109
650 20 - SUBJECT ADDED ENTRY--TOPICAL TERM
Topical term or geographic name entry element Drug abuse
General subdivision Law and legislation
Geographic subdivision Malaysia
9 (RLIN) 2420
710 2# - ADDED ENTRY--CORPORATE NAME
Corporate name or jurisdiction name as entry element Lembaga Penyelidikan Undang-Undang
9 (RLIN) 2442
942 ## - ADDED ENTRY ELEMENTS (KOHA)
Source of classification or shelving scheme
Koha item type Book
Holdings
Withdrawn status Lost status Source of classification or shelving scheme Damaged status Not for loan Collection code Home library Current library Shelving location Date acquired Inventory number Full call number Barcode Date last seen Price effective from Koha item type Public note Total Checkouts Date last checked out
          NON-FICTION AKMAL Melaka AKMAL Melaka PINJAMAN 08.05.2017 304099 345.5950277 DAD 201702362 08.05.2017 08.05.2017 Book Dilupuskan. No. Fail. ARKIBMLK.600-6/9/1 Jld.7 (54)    
          NON-FICTION AKMAL Melaka AKMAL Melaka PINJAMAN 08.05.2017 303794 345.5950277 DAD 201702361 08.05.2017 08.05.2017 Book      
          NON-FICTION AKMAL Melaka AKMAL Melaka PINJAMAN 08.05.2017 304094 345.5950277 DAD 201702360 19.09.2018 08.05.2017 Book   1 14.09.2018
          NON-FICTION AKMAL Melaka AKMAL Melaka PINJAMAN 08.05.2017 303793 345.5950277 DAD 201702359 08.05.2017 08.05.2017 Book Dilupuskan. No. Fail. ARKIBMLK.600-6/9/1 Jld.7 (54)    
          NON-FICTION AKMAL Melaka AKMAL Melaka PINJAMAN 08.05.2017 304095 345.5950277 DAD 201702358 08.05.2017 08.05.2017 Book Dilupuskan. No. Fail. ARKIBMLK.600-6/9/1 Jld.7 (54)    
          NON-FICTION AKMAL Melaka AKMAL Melaka PINJAMAN 08.05.2017 304097 345.5950277 DAD 201702357 08.05.2017 08.05.2017 Book Dilupuskan. No. Fail. ARKIBMLK.600-6/9/1 Jld.7 (54)    
          NON-FICTION AKMAL Melaka AKMAL Melaka PINJAMAN 08.05.2017 304100 345.5950277 DAD 201702356 08.05.2017 08.05.2017 Book Dilupuskan. No. Fail. ARKIBMLK.600-6/9/1 Jld.7 (54)    
          NON-FICTION AKMAL Melaka AKMAL Melaka PINJAMAN 08.05.2017 304098 345.5950277 DAD 201702355 08.05.2017 08.05.2017 Book Dilupuskan. No. Fail. ARKIBMLK.600-6/9/1 Jld.7 (54)    
          NON-FICTION AKMAL Melaka AKMAL Melaka PINJAMAN 08.05.2017 304096 345.5950277 DAD 201702354 08.05.2017 08.05.2017 Book Dilupuskan. No. Fail. ARKIBMLK.600-6/9/1 Jld.7 (54)    
          NON-FICTION AKMAL Melaka AKMAL Melaka PINJAMAN 08.05.2017 304102 345.5950277 DAD 201702353 08.05.2017 08.05.2017 Book Dilupuskan. No. Fail. ARKIBMLK.600-6/9/1 Jld.7 (54)    
Pusat Sumber Maklumat Dato' Haji Sarmin Md Hussin, Akademi Kastam Diraja Malaysia, Melaka
Tel: 06-2331106 | Faks: 06-2313787